| 000 | 00968nam a22003257a 4500 | ||
|---|---|---|---|
| 001 | 0040955 | ||
| 003 | KOHA_MİRAKIL | ||
| 005 | 20260207003219.0 | ||
| 007 | ta | ||
| 008 | 130730b2010 tu |||gr||||#0|||1|tur | | ||
| 020 | _a9789750405600 | ||
| 040 |
_aTR-BiSEU _btur _cTR-BiSEU _erda |
||
| 041 | 0 | _atur | |
| 044 | _ctu | ||
| 050 |
_aPL248.E76 _bB57 2010 |
||
| 100 | 1 | _aErözenci, Ahmet. | |
| 245 | 1 |
_aBir gölgenin ardından/ _cAhmet Erözenci ; Ahmet Erözenci. |
|
| 264 | 1 |
_aİstanbul : _bLiteratür _c2010 |
|
| 300 |
_a110 sayfa ; _c23 cm. |
||
| 336 |
_ametin _btxt _2rdacontent |
||
| 337 |
_aaracısız _bn _2rdamedia |
||
| 338 |
_acilt _bnc _2rdacarrier |
||
| 490 | 1 |
_aLiteratür Yayınları ; _v610. |
|
| 490 | 1 |
_a Biyografi-Otobiyografi-Anı ; _v8. |
|
| 650 | 0 |
_aErözenci, Ahmet, 1956-. _975940 |
|
| 830 | 1 |
_aLiteratür Yayınları ; _v610. _92203 |
|
| 830 | 1 |
_a Biyografi-Otobiyografi-Anı ; _v8. _975941 |
|
| 907 | _aRoman | ||
| 942 |
_2lcc _cBK |
||
| 999 |
_c40819 _d40819 |
||